000 00491nam a22001577a 4500
003 BD-DhUL
005 20170418153315.0
008 170418s1978 nyua|||| |||| 00| 0 eng c
040 _aBD-DhUL
_cBD-DhUL
082 _a361.5
_bUNP
110 2 _aUnited Nations
245 2 0 _aProceedings of the regional seminar on community preparedness and disaster prevention /
_cUnited Nations
260 _aNew York :
_bUnited Nations,
_c1978
300 _a viii, 108p. :
_bill.
_c28 cm.
942 _2ddc
_cREF
999 _c185120
_d185120